01041nam a2200265 a 450000100100000000500170001000800410002702000180006804000250008608200160011110000480012724500960017526000500027130000210032149000110034250000730035350000630042650000420048950400320053159000260056360000370058983000180062695201140064499900170075800004881220240306073910.0190412s2015 dr 000 0 spa d a9789592653184 aDO-SdBNPbspacBNPHU axxxxbM378G1 aGuadarrama González, Pablo,d1949-97222410aJosé Martí :bhumanismo práctico y latinoamericanista /cPablo Guadarrama González. aSanta Clara, Cuba :bEditorial Capiro,c2015. a344 p. ;c20 cm.1 aEstilo aIncluye referencias bibliográficas y notas al pie de las páginas aLa biblioteca posee 1 ejemplar autográfiado por el autor aIncluye datos biográficos del autor aBibliografía : p. 323-344 aInventariado, 2019/LP10aMartí, José,d1853-18959645 0aEstilo976265 0010718PDaPDbPDcHDd2019-04-12iLF1l0oxxxx M378Gp48812-10r2020-06-25w2020-06-25yLFPDZNo se presta c48300d48300